000
00274nam a22001217a 4500
020
_a
9788172734046
082
_a
070.43
100
_a
Manoranjan Tripathy
245
_a
Introduction to news reporting
260
_a
Delhi
_b
Vigo press
_c
2007
300
_a
176p
942
_c
BK
999
_c
2768
_d
2768